000 00767nam a2200181 a 4500
001 000035789
005 20200930074619.0
008 111114s1977 mx 000 0 spa d
040 _aDO-SdBNP
_bspa
_cBNPHU
110 1 _aEscuela Práctica de Altos Estudios. Sorbona
_d(d1966.
_cParís)
_961734
245 1 0 _aNiveles de cultura y grupos sociales / :
_bcoloquio de la escuela práctica de altos estudios, Soborna 1966 /
_cNicolet...[et.al] : traducción César; edición preparada por Louis Bergeron Guiñazú.
260 _aMéxico :
_bSiglo Veintiuno,
_c1977.
300 _a295 p. ;
_c22 cm.
590 _aPerteneció a la biblioteca personal de Juan Isidro Jimenes Grullón
700 _aGuiñazú, César
_961735
700 1 2 _aBergeron, Louis
_961736
049 _aBNPD
999 _c35280
_d35280